| 000 | 01751nam a22002777a 4500 | ||
|---|---|---|---|
| 999 |
_c62510 _d62510 |
||
| 003 | Ge_BSU | ||
| 005 | 20241121100659.0 | ||
| 008 | 241120s2006 ge ||||| |||| 00| 0 geo d | ||
| 020 | _a9994045288 | ||
| 041 | _ageo | ||
| 080 | _a005(076.1):070 მ-48 | ||
| 245 |
_aმედიამენეჯმენტი : სიტუაციურ სავარჯიშოთა გამოყენებით : _b [სახელმძღვ.] / _cიან ლებლან უიქსი, ჯორჯ სილვი, სი ანა ჰოლიფილდი და სხვ. ; [მთარგმნ.: მირანდა ბერიშვილი ; რედ.: რევაზ სურგულაძე |
||
| 250 | _aI ქართ. გამოც. | ||
| 264 |
_aთბილისი : _bდიოგენე, _c2006. |
||
| 300 |
_a439 გვ. ; _b23 სმ. |
||
| 500 | _aყდაზე: მე-3 გამოცემა | ||
| 504 | _aბიბლიოგრ.: გვ. 399-415. | ||
| 653 | _aმედიამენეჯმენტი. | ||
| 653 | _aთარგმანები ქართულ ენაზე | ||
| 700 |
_aუიქსი, იან ლებლან _eდა სხვ.. _923759 |
||
| 700 |
_aბერიშვილი, მირანდა _eმთარგმნელი _915608 |
||
| 700 |
_a სურგულაძე, რევაზ _eრედაქტორი _923760 |
||
| 710 |
_aსაერთაშორისო კვლევ. და გაცვლების საბჭო (IREX)]. _911336 |
||
| 856 |
_uhttps://dspace.nplg.gov.ge/bitstream/1234/410787/1/Mediamenejmenti_2006.pdf _yელექტრონული ვერსია |
||
| 942 |
_2udc _cBK |
||